000 00769nam a22002057a 4500
003 OSt
005 20231103183549.0
008 221006b |||||||| |||| 00| 0 eng d
040 _cBiblioteca Lado V
082 _a708
_bM986g
110 _9728
_aMuseo Nacional Centro de Arte Reina Sofia
_ecurador
245 _aGiro gráfico/
_bComo en el mundo la hiedra/
260 _aEspaña
_bRed conceptualismo del sur
_c2022
300 _c17x23cm
_a250p.
_bcontiene pósters
650 0 _2Tesauro de Arte & Arquitectura
_aTEORIA
_9702
650 _2Tesauro de Arte & Arquitectura
_aEXHIBICION
_9702
650 _2Tesauro de Arte & Arquitectura
_aCATALOGO
700 _aGallisa Muriente, Sofia
_eautora
_e(colaboradora)
_9724
942 _2ddc
_c1
_h708
_iM986c
_n0
999 _c3036
_d3036